000
00301nam a22001337a 4500
008
170502b xxu||||| |||| 00| 0 eng d
020
_a
9780071771818
041
_a
eng
080
_2
3RD
_a
34
100
_a
14
101
_a
SHJ
245
_a
GENERAL AVIATION LAW
_c
EICHENBERGER, J.A
942
_2
udc
_c
BK
999
_c
12410
_d
12410